| 000 | 00759nam a22002177a 4500 | ||
|---|---|---|---|
| 005 | 20191224042228.0 | ||
| 008 | 151114s1950 b la r 00010 por d | ||
| 040 |
_aCo-BoIAvH _cCo-BoIAvH _dCo-BoIAvH |
||
| 041 | 0 | _apor | |
| 044 | _abl | ||
| 082 | 0 | 4 |
_a565.79 _bB73e |
| 100 | 1 | _aBorgmeier, Thomaz | |
| 245 | 1 | 0 | _aEstudos sobre Atta (Hym. Formicidae) |
| 260 |
_aRío de Janeiro : _bServicio Gráfico do Instituto Brasileiro de Geogafia e Estatística _c1950. |
||
| 300 |
_a292 páginas. : _bilustraciones. ; _c25 cm. |
||
| 500 | _aseparata das Memorias do Instituto Oswaldo Cruz Tomo 48 Año 1950 | ||
| 504 | _aIncluye bibliografía | ||
| 650 | 1 | 4 | _aHimenópteros. |
| 650 | 1 | 6 |
_aFormicidae (hormigas) _vseparata |
| 942 |
_2ddc _cLIBRO |
||
| 999 |
_c17869 _d17869 |
||